000 00317nam a2200133Ia 4500
008 100328s9999 xx 000 0 und d
082 _b42054
100 _aभालेराव अनंत
245 _aकावड
260 _bऋतु
630 _aकावड
730 _aकावड
942 _cBOOK
999 _c530560
_d530557